000 00417nam a2200145Ia 4500
008 100204s9999 xx 000 0 und d
082 _b23497
100 _aपानवलकर श्री. दा.
245 _aगजगा
260 _b"बा. ल. पाठक प्रकाशन, मुंबई"
_c1963
300 _a146
630 _aगजगा
730 _aगजगा
942 _cBOOK
999 _c468672
_d468669